| 000 -LEADER |
| fixed length control field |
00686nam a22002177a 4500 |
| 008 - FIXED-LENGTH DATA ELEMENTS--GENERAL INFORMATION |
| fixed length control field |
150925b xxu||||| |||| 00| 0 eng d |
| 020 ## - INTERNATIONAL STANDARD BOOK NUMBER |
| International Standard Book Number |
9780071283403 |
| 041 0# - LANGUAGE CODE |
| Language code of text/sound track or separate title |
eng |
| 080 ## - UNIVERSAL DECIMAL CLASSIFICATION NUMBER |
| Universal Decimal Classification number |
658.15 |
| 100 1# - Rafti |
| Rafti |
Ross, Stephen A. |
| 245 10 - TITLE STATEMENT |
| Title |
Essentials of corporate finance / |
| Statement of responsibility, etc |
Stephen A. Ross, Randolph W. Westerfield, Bradford D. Jordan. |
| 250 ## - |
| -- |
6th ed. |
| 260 ## - |
| -- |
Boston : |
| -- |
McGraw-Hill/Irwin, |
| -- |
2007. |
| 300 ## - |
| -- |
xxxvi, 620, f. : |
| -- |
me il.; |
| -- |
27 cm. |
| 490 1# - |
| -- |
The McGraw-Hill/Irwin series in finance, insurance, and real estate |
| 650 #0 - |
| -- |
Financë |
| 650 #0 - |
| -- |
Korporata |
| 700 1# - |
| -- |
Westerfield, Randolph. |
| 700 1# - |
| -- |
Jordan, Bradford D. |
| 942 ## - ADDED ENTRY ELEMENTS (KOHA) |
| Source of classification or shelving scheme |
|
| Item type |
Books |